Olivia Rodrigo - Paroles making the bed - Statistiques

Statistiques générales
  • Ce quiz a été pris 112 fois
  • Le résultat moyen est 320 sur 395
Statistiques - réponses
Hint Réponse % Correct
I
100%
a
97%
be
95%
it,
95%
it
95%
oh
95%
the
95%
bed
94%
bed,
94%
it's
94%
making
94%
Making
94%
so
94%
But
91%
me
91%
Post-refrain Me
91%
to
91%
do
89%
for
89%
I'm
89%
of
89%
who
89%
am
88%
my
88%
some
88%
bein'
86%
go
86%
sometimes
86%
Outro Sometimes
86%
Couplet 1 Want
86%
who's
86%
don't
84%
feel
84%
got
84%
like
84%
that
84%
thing
84%
And
83%
and
83%
wanna
83%
all
81%
Another
81%
away
81%
been
81%
head
81%
on
81%
people
81%
with
81%
at
80%
did
80%
fun
80%
just
80%
not
80%
best
78%
Gettin'
78%
girl
78%
know
78%
used
78%
where
78%
Where
78%
done
77%
in
77%
sign
77%
tired
77%
club
75%
drunk
75%
friends
75%
good
75%
piece
75%
plastic
75%
'cause
73%
doesn't
73%
Every
73%
every
73%
nothing
73%
over
73%
say
73%
can
72%
mine
72%
Push
72%
conversation
70%
day
70%
love
70%
ruined
70%
forced
69%
older
67%
one
67%
sheets
67%
than
67%
could
66%
tell
66%
They
66%
they
66%
throw
66%
took
66%
perfect
64%
playin'
64%
pretendin'
64%
something
64%
things
64%
up
64%
victim
64%
wake
64%
what
64%
can't
63%
control
63%
dream
63%
life
63%
moment
63%
out
63%
turned
63%
Refrain Well,
63%
well
63%
attraction
61%
has
61%
into
61%
Pull
61%
tourist
61%
wanted,
61%
city
59%
distraction
59%
said
59%
them
59%
imagined
58%
light,
58%
read
58%
red
58%
thought
58%
as
56%
happen
56%
let
56%
night,
56%
stop
56%
this
56%
through
56%
someone
55%
weather
55%
drivin'
53%
road
53%
changin'
50%
from
50%
machinery
50%
feels
48%
fair
47%
off
47%
dread
45%
They're
45%
recurrin'
42%
beautiful
41%
regret
41%
somewhere
34%
brakes
30%
swerve
30%
Countin'
22%
Aucun quiz correspondant
Distribution des résultats
% des personnes avec chaque résultat
Percentile par nombre de réponses
Votre historique - résultats
Vous n’avez pas pris ce quiz